Petr Tkachev, the critic as Jacobin /

Bibliographic Details
Main Author: Hardy, Deborah, 1927-
Format: Book
Language:English
Published: Seattle : University of Washington Press, [1977]
Series:Publications on Russia and Eastern Europe of the School of International Studies ; no. 8.
Subjects:

MARC

Tag First Indicator Second Indicator Subfields
LEADER 00000cam a22000008i 4500
001 in00000352221
005 20151011061240.0
008 770316s1977 wau b 00110beng
010 |a  76049170  
020 |a 0295955473 :  |c $12.50 
035 |a (OCoLC)02985273 
035 |9 ABM7699AM 
040 |a DLC  |c DLC  |d TXA  |d UtOrBLW 
043 |a e-ur--- 
049 |a TXAM  |c [1395640] 
050 0 0 |a HX312.T55  |b H37 
082 0 |a 322.4/2/0924  |a B 
100 1 |a Hardy, Deborah,  |d 1927- 
245 1 0 |a Petr Tkachev, the critic as Jacobin /  |c Deborah Hardy. 
264 1 |a Seattle :  |b University of Washington Press,  |c [1977] 
264 4 |c ©1977 
300 |a xiii, 339 pages :  |b portrait ;  |c 24 cm. 
336 |a text  |b txt  |2 rdacontent 
337 |a unmediated  |b n  |2 rdamedia 
338 |a volume  |b nc  |2 rdacarrier 
490 1 |a Publications on Russia and Eastern Europe of the Institute for Comparative and Foreign Area Studies ; no. 8 
500 |a Includes index. 
504 |a Bibliography: pages 315-329. 
600 1 0 |a Tkachev, Petr Nikitich,  |d 1844-1886. 
650 0 |a Revolutionaries  |z Soviet Union  |v Biography. 
830 0 |a Publications on Russia and Eastern Europe of the School of International Studies ;  |v no. 8. 
999 |a MARS 
999 f f |s 359a82d3-9a7f-3022-b4c0-300e75013f5b  |i 5b3999a7-d977-38ad-b650-71da80aba432  |t 0 
952 f f |p ric  |a Texas A&M University  |b Rellis Campus  |c Joint Library Facility  |d Remote Storage  |t 0  |e HX312.T55 H37  |h Library of Congress classification  |i unmediated -- volume  |m A14803057118 
998 f f |a HX312.T55 H37  |t 0  |l Remote Storage